[Event "POL-ch U17 Qual"]
[Site "Jastrzebia Gora"]
[Date "2021.11.16"]
[Round "3"]
[White "Stachecki, Mikolaj"]
[Black "Owoc, Jakub"]
[Result "1/2-1/2"]
[WhiteElo "1899"]
[BlackElo "1751"]
[PlyCount "60"]
[EventDate "2021.11.15"]
[EventType "swiss"]
[EventRounds "9"]
[EventCountry "POL"]
[SourceTitle "EXT 2023"]
[Source "ChessBase"]
[SourceDate "2022.10.05"]
[SourceVersion "1"]
[SourceVersionDate "2022.10.05"]
[SourceQuality "1"]

1. e4 c6 2. d4 d5 3. exd5 cxd5 4. Bd3 Nc6 5. c3 g6 6. h3 Bg7 7. Nf3 Qc7 8. 0-0 Nf6 9. Re1 0-0 10. Nbd2 Re8 11. Ne5 Nxe5 12. dxe5 Nd7 13. f4 Nc5 14. Bc2 b6 15. Nb3 Nxb3 16. axb3 e6 17. Be3 Bb7 18. Qd4 Rec8 19. Ra2 Qc5 20. Rea1 a6 21. Qxc5 bxc5 22. Bd3 Rc6 23. Ra5 Bf8 24. Be2 Be7 25. Kf2 Bc8 26. Rb5 Kg7 27. Raa5 axb5 28. Rxa8 b4 29. c4 d4 30. Bd2 Rc7 1/2-1/2

[Event "Rubinstein Memorial op-D 57th"]
[Site "Polanica Zdroj"]
[Date "2021.08.22"]
[Round "9"]
[White "Owoc, Jakub"]
[Black "Lochina, Justyna"]
[Result "1/2-1/2"]
[WhiteElo "1768"]
[BlackElo "1526"]
[PlyCount "75"]
[EventDate "2021.08.14"]
[EventType "swiss"]
[EventRounds "9"]
[EventCountry "POL"]
[SourceTitle "CBM 204 Extra"]
[Source "ChessBase"]
[SourceDate "2021.11.30"]
[SourceVersion "1"]
[SourceVersionDate "2021.11.30"]
[SourceQuality "1"]

1. b3 Nf6 2. Bb2 e6 3. e3 d5 4. c4 b6 5. Nf3 Nbd7 6. cxd5 exd5 7. Bb5 Bb7 8. 0-0 Be7 9. d4 a6 10. Bd3 0-0 11. Nbd2 Ne4 12. Rc1 c5 13. Ne1 Nxd2 14. Qxd2 Bf6 15. Bb1 Re8 16. Nd3 Rc8 17. Nf4 g6 18. Rfd1 c4 19. Re1 b5 20. Ne2 Qb6 21. b4 Ra8 22. Bc3 Bd8 23. Ng3 a5 24. a3 axb4 25. axb4 f5 26. f3 Bg5 27. Kf2 Qe6 28. Re2 Nb6 29. Rce1 Na4 30. Ba1 Qc6 31. Qc2 f4 32. exf4 Bxf4 33. Nh5 Bg5 34. f4 Rxe2+ 35. Rxe2 Bf6 36. f5 gxh5 37. Re6 Qc7 38. Rxf6 1/2-1/2

[Event "Rubinstein Memorial op-D 57th"]
[Site "Polanica Zdroj"]
[Date "2021.08.21"]
[Round "8"]
[White "Kowalik, Bartosz"]
[Black "Owoc, Jakub"]
[Result "1-0"]
[WhiteElo "1479"]
[BlackElo "1768"]
[PlyCount "114"]
[EventDate "2021.08.14"]
[EventType "swiss"]
[EventRounds "9"]
[EventCountry "POL"]
[SourceTitle "CBM 204 Extra"]
[Source "ChessBase"]
[SourceDate "2021.11.30"]
[SourceVersion "1"]
[SourceVersionDate "2021.11.30"]
[SourceQuality "1"]

1. e4 c5 2. Nf3 e6 3. d4 cxd4 4. Nxd4 Nc6 5. c4 Qc7 6. Be3 a6 7. Be2 Nf6 8. f3 Bd6 9. g3 Nxd4 10. Qxd4 e5 11. Qd3 Bc5 12. Nc3 d6 13. Rd1 Be6 14. Bxc5 dxc5 15. Kf2 0-0 16. Nd5 Bxd5 17. cxd5 Qd6 18. a4 Rab8 19. a5 Nd7 20. Rb1 f5 21. exf5 Nf6 22. Rhd1 Rbe8 23. Qc4 e4 24. f4 e3+ 25. Kg2 Re4 26. Qc3 Rfe8 27. Rbc1 c4 28. Bf3 e2 29. Re1 Nxd5 30. Qa3 Ne3+ 31. Kh1 Qxa3 32. bxa3 Rd4 33. Rxe2 Kf7 34. Bxb7 c3 35. Kg1 Rd2 36. Bxa6 Kf6 37. h3 Kxf5 38. Rce1 Rxe2 39. Rxe2 Ke4 40. Kf2 Kd4 41. Bb5 Re7 42. Ba4 Kd3 43. Kf3 g5 44. a6 Kd4 45. Bb3 h6 46. a7 Rxa7 47. Rxe3 Rxa3 48. Bc2 Ra1 49. Re4+ Kd5 50. Re8 Rc1 51. Bf5 Kd6 52. fxg5 hxg5 53. Kg4 Rg1 54. Rc8 Rc1 55. Kxg5 Ke5 56. Re8+ Kd4 57. g4 c2 1-0

[Event "Rubinstein Memorial op-D 57th"]
[Site "Polanica Zdroj"]
[Date "2021.08.18"]
[Round "5"]
[White "Owoc, Jakub"]
[Black "Kasprzak, Lukasz"]
[Result "0-1"]
[WhiteElo "1768"]
[BlackElo "1627"]
[PlyCount "76"]
[EventDate "2021.08.14"]
[EventType "swiss"]
[EventRounds "9"]
[EventCountry "POL"]
[SourceTitle "CBM 204 Extra"]
[Source "ChessBase"]
[SourceDate "2021.11.30"]
[SourceVersion "1"]
[SourceVersionDate "2021.11.30"]
[SourceQuality "1"]

1. e4 c6 2. d4 d5 3. f3 dxe4 4. fxe4 e5 5. Nf3 Bg4 6. c3 Nd7 7. Bc4 Bh5 8. Be3 Qc7 9. Nbd2 Ngf6 10. Qb3 Bd6 11. 0-0-0 b5 12. Be2 0-0 13. Kb1 Rfe8 14. Qc2 Rab8 15. h3 exd4 16. cxd4 Nxe4 17. Nxe4 Rxe4 18. Ng5 Bxe2 19. Qxe4 Nf6 20. Qc2 Bxd1 21. Rxd1 Re8 22. Bg1 Bf4 23. Nf3 Nd5 24. a3 Qd6 25. Ne5 f6 26. Qxc6 Qxc6 27. Nxc6 a6 28. Nb4 Nxb4 29. axb4 Kf7 30. d5 Re2 31. Bb6 Ke8 32. g3 Be5 33. Bd4 Kd7 34. Rd3 Kd6 35. Bc5+ Kd7 36. Ra3 Rxb2+ 37. Kc1 Rg2 38. g4 Bb2+ 0-1

[Event "Rubinstein Memorial op-D 57th"]
[Site "Polanica Zdroj"]
[Date "2021.08.16"]
[Round "3"]
[White "Owoc, Jakub"]
[Black "Malecki, Mateusz"]
[Result "1-0"]
[WhiteElo "1768"]
[BlackElo "1609"]
[PlyCount "113"]
[EventDate "2021.08.14"]
[EventType "swiss"]
[EventRounds "9"]
[EventCountry "POL"]
[SourceTitle "CBM 204 Extra"]
[Source "ChessBase"]
[SourceDate "2021.11.30"]
[SourceVersion "1"]
[SourceVersionDate "2021.11.30"]
[SourceQuality "1"]

1. e4 c5 2. c3 d5 3. exd5 Qxd5 4. d4 Nf6 5. Nf3 e6 6. Be3 cxd4 7. cxd4 Bb4+ 8. Nc3 0-0 9. Be2 b6 10. 0-0 Bxc3 11. bxc3 Ba6 12. Bxa6 Nxa6 13. Qa4 Nc7 14. c4 Qf5 15. h3 Rfc8 16. Rab1 b5 17. cxb5 Rcb8 18. Ne5 Nfd5 19. Qc4 Rb7 20. a4 Ne8 21. Nc6 Kh8 22. Qc5 Nef6 23. Rfc1 h6 24. Qc2 Nxe3 25. fxe3 Qg5 26. Qd3 Nd5 27. Rb3 f5 28. Rf1 Rf8 29. Ne5 Kg8 30. Rf3 Rc7 31. Nc6 f4 32. Qf1 Rf6 33. e4 Ne3 34. Qf2 h5 35. g3 Rcf7 36. h4 fxg3 37. hxg5 gxf2+ 38. Rxf2 Rxf2 39. Rxe3 R2f4 40. Ne5 Rc7 41. d5 exd5 42. exd5 Rd4 43. Nc6 Rg4+ 44. Kf2 Rxg5 45. d6 Rd7 46. Rd3 Rf5+ 47. Kg3 Rf6 48. Nxa7 Rxa7 49. d7 Rf8 50. d8Q Rxd8 51. Rxd8+ Kf7 52. Rd4 g5 53. b6 Rb7 54. a5 Ke7 55. Rb4 Kd6 56. a6 Rb8 57. a7 1-0

[Event "Lezajsk Merlin Blitz 1st"]
[Site "Lezajsk"]
[Date "2021.08.10"]
[Round "7"]
[White "Owoc, Jakub"]
[Black "Gaj, Szymon"]
[Result "1/2-1/2"]
[WhiteElo "1768"]
[BlackElo "1898"]
[PlyCount "135"]
[EventDate "2021.08.10"]
[EventType "swiss (blitz)"]
[EventRounds "9"]
[EventCountry "POL"]
[SourceTitle "CBM 203 Extra"]
[Source "ChessBase"]
[SourceDate "2021.09.30"]
[SourceVersion "1"]
[SourceVersionDate "2021.09.30"]
[SourceQuality "1"]

1. e4 c5 2. c3 d5 3. exd5 Qxd5 4. d4 e5 5. Nf3 Nc6 6. Be3 Bg4 7. Be2 cxd4 8. cxd4 Bb4+ 9. Nc3 exd4 10. Nxd4 Bxe2 11. Ndxe2 Qxd1+ 12. Rxd1 Nf6 13. 0-0 0-0 14. Nf4 Bxc3 15. bxc3 Ne4 16. c4 Rad8 17. Nd5 Rfe8 18. Rd3 Ne5 19. Rd4 Nd6 20. Rfd1 Nc6 21. Rg4 Kf8 22. Bc5 b6 23. Ba3 f6 24. Nc7 Re7 25. Nb5 Nf5 26. Rxd8+ Nxd8 27. Bxe7+ Kxe7 28. Re4+ Kd7 29. g4 Ne7 30. Rd4+ Kc8 31. Nxa7+ Kc7 32. Nb5+ Kc8 33. f4 Nec6 34. Re4 Kd7 35. Nd4 Na5 36. Nf5 g6 37. Re7+ Kc8 38. Nd6+ Kb8 39. Rxh7 Ne6 40. f5 gxf5 41. gxf5 Ng5 42. Rh8+ Kc7 43. Nb5+ Kc6 44. Rc8+ Kb7 45. Rc7+ Kb8 46. h4 Nf3+ 47. Kf2 Nxh4 48. Rf7 Nxf5 49. Rxf6 Ne7 50. Rxb6+ Kc8 51. Na3 Kc7 52. Re6 Nec6 53. Ke3 Nb4 54. Nb5+ Kb7 55. Kd4 Nac6+ 56. Kc5 Nd3+ 57. Kd6 Na5 58. Re4 Kb6 59. a4 Nb2 60. Nc7 Nbxc4+ 61. Kd7 Nb2 62. Nd5+ Kc5 63. Ne3 Nxa4 64. Rxa4 Kb5 65. Re4 Nb7 66. Nf5 Nc5+ 67. Ke7 Nxe4 68. Ke6 1/2-1/2